Statistics for Traverse the World

Click here to take the quiz!

General Stats

  • This quiz has been taken 21 times
  • The average score is 11 of 15

Answer Stats

HintAnswer% Correct
Go 863 South to this pennisula.Italy
89%
Go 3366 miles East across an oceanLisbon
84%
Go 375 miles East to the largest coast city of this countryNew York
84%
From that country, go 861 km NorthParis
84%
Start in Montreal, Canada. Go 543 km SWToronto
84%
From there, go 609 km the small country of ___Andorra
79%
Go 663 km SE to the capital of this countryAthens
79%
Go 159 km SE to see the Erie CanalBuffalo
79%
From ^^^, go 625 km NEMadrid
79%
Go 656 km SE through a set of mountainsZurich
74%
Now go 1093 directly NE to this large cityIstanbul
68%
Now go 1050 km SE to this capital cityTehran
63%
From here, travel 797 km East over a body of water to this countryAlbania
58%
From there, go 1579 km East to this countryArmenia
47%
Finally, go 945 km South to this country's 6th largest city.Shiraz
16%

Score Distribution

Percentile by Number Answered

Percent of People with Each Score

Your Score History

You have not taken this quiz